Cognitive insensitivity and cognitive impulsivity as mediators of bullying continuity: Extending the psychological inertia construct to bullying behavior

Saved in:  
Bibliographic Details
Authors: Walters, Glenn D. 1954- (Author) ; Espelage, Dorothy L. (Author)
Format: Electronic Article
Language:English
Published: 2018
In: School psychology quarterly
Year: 2018, Volume: 33, Issue: 4, Pages: 527-536
Online Access: Volltext (kostenfrei)
Volltext (lizenzpflichtig)
Check availability: HBZ Gateway

MARC

LEADER 00000caa a22000002c 4500
001 1912482274
003 DE-627
005 20250114054941.0
007 cr uuu---uuuuu
008 241217s2018 xx |||||o 00| ||eng c
024 7 |a 10.1037/spq0000240  |2 doi 
035 |a (DE-627)1912482274 
035 |a (DE-599)KXP1912482274 
040 |a DE-627  |b ger  |c DE-627  |e rda 
041 |a eng 
084 |a 2,1  |2 ssgn 
100 1 |a Walters, Glenn D.  |d 1954-  |e VerfasserIn  |0 (DE-588)1046478354  |0 (DE-627)77649869X  |0 (DE-576)166629057  |4 aut 
109 |a Walters, Glenn D. 1954-  |a Walters, Glenn 1954- 
245 1 0 |a Cognitive insensitivity and cognitive impulsivity as mediators of bullying continuity: Extending the psychological inertia construct to bullying behavior 
264 1 |c 2018 
336 |a Text  |b txt  |2 rdacontent 
337 |a Computermedien  |b c  |2 rdamedia 
338 |a Online-Ressource  |b cr  |2 rdacarrier 
700 1 |a Espelage, Dorothy L.  |e VerfasserIn  |0 (DE-588)1212514661  |0 (DE-627)1702013537  |4 aut 
773 0 8 |i Enthalten in  |t School psychology quarterly  |d Washington, DC. : APA, 1990  |g 33(2018), 4, Seite 527-536  |h Online-Ressource  |w (DE-627)34396676X  |w (DE-600)2073647-2  |w (DE-576)267762119  |x 1939-1560  |7 nnas 
773 1 8 |g volume:33  |g year:2018  |g number:4  |g pages:527-536 
787 0 8 |i Forschungsdaten  |a Espelage, Dorothy  |t Bullying, Sexual, and Dating Violence Trajectories From Early to Late Adolescence in the Midwestern United States, 2007-2013  |d [Erscheinungsort nicht ermittelbar] : [Verlag nicht ermittelbar], 2016  |w (DE-627)1840043709 
856 4 0 |u https://doi.org/10.1037/spq0000240  |x Resolving-System  |z kostenfrei  |3 Volltext  |7 0 
856 4 0 |u https://www.ncbi.nlm.nih.gov/pubmed/29927276  |x Verlag  |z lizenzpflichtig  |3 Volltext  |7 1 
935 |a mkri 
951 |a AR 
ELC |a 1 
LOK |0 000 xxxxxcx a22 zn 4500 
LOK |0 001 4637447771 
LOK |0 003 DE-627 
LOK |0 004 1912482274 
LOK |0 005 20241217044227 
LOK |0 008 241217||||||||||||||||ger||||||| 
LOK |0 035   |a (DE-2619)ICPSR134615 
LOK |0 040   |a DE-2619  |c DE-627  |d DE-2619 
LOK |0 092   |o n 
LOK |0 852   |a DE-2619 
LOK |0 852 1  |9 00 
LOK |0 935   |a nacp 
LOK |0 939   |a 17-12-24  |b l01 
OAS |a 1 
ORI |a SA-MARC-krimdoka001.raw